00000000nam 2200000zi 4500
0019.947170
003CaOODSP
00520250121090801
006m     o  d f      
007cr mn|||||||||
008250121s2003    oncb    o    f000 0 eng d
020 |a0662670418 |q(print)
040 |aCaOODSP|beng|erda|cCaOODSP
0410 |aeng|afre
043 |an-cn---|an-cn-on
0861 |aSE3-23/2-2002-PDF|zSE3-23/2-2002
1102 |aFederal Electoral Boundaries Commission for Ontario (Canada)|eauthor, |eissuing body.
24510|aReport of the Federal Electoral Boundaries Commission for Ontario = |bRapport de la Commission de délimitation des circonscriptions électorales fédérales pour l'Ontario.
24611|aRapport de la Commission de délimitation des circonscriptions électorales fédérales pour l'Ontario
264 1|a[Ottawa] : |bElections Canada, |c[2003]
300 |a1 online resource (129 pages) : |bcolour maps
336 |atext|btxt|2rdacontent
337 |acomputer|bc|2rdamedia
338 |aonline resource|bcr|2rdacarrier
500 |a"Federal representation 2004."
500 |a"Ontario 2003."
500 |aDigitized edition from print [produced by Government of Canada Publications Directorate].
546 |aText in English and French.
61010|aCanada. |bParliament|xElection districts.
650 0|aElection districts|zOntario.
650 5|aRedistribution (Election law)|zCanada.
7102 |aElections Canada, |eissuing body.
7760#|tReport of the Federal Electoral Boundaries Commission for Ontario. |w(CaOODSP)9.664291
788 |tReport of the Federal Electoral Boundaries Commission for Ontario = |efre|w(CaOODSP)9.947173
85640|qPDF|s135.00 MB|uhttps://publications.gc.ca/collections/collection_2025/elections/SE3-23-2-2002.pdf